Nishi Nihon keizai to Ōsaka no yakuwari (Dai 2-ji hōkoku).

Saved in:
书目详细资料
企业作者: Ōsaka Furitsu Shōkō Keizai Kenkyūjo.
格式: 图书
语言:Japanese
出版: [Ōsaka] : Ōsaka Furitsu Shōkō Keizai Kenkyūjo, Shōwa 47 [1972]
丛编:Keiken shiryō (Ōsaka Furitsu Shōkō Keizai Kenkyūjo) ; no. 547.
主题:
标签: 添加标签
没有标签, 成为第一个标记此记录!
LEADER 01257nam a2200325 i 4500
001 007777953-3
005 20024617122053.0
008 980429s1972 ja b 000 0 jpn
010 |a 72081557 /J 
015 |a Ja*** 
035 0 |a ocm39032909 
040 |a DLC  |c *YNH*  |d CStRLIN 
050 0 0 |a HF3826.5  |b O8 
110 2 |6 880-01  |a Ōsaka Furitsu Shōkō Keizai Kenkyūjo. 
245 1 0 |6 880-02  |a Nishi Nihon keizai to Ōsaka no yakuwari (Dai 2-ji hōkoku). 
260 |6 880-03  |a [Ōsaka] :  |b Ōsaka Furitsu Shōkō Keizai Kenkyūjo,  |c Shōwa 47 [1972] 
300 |a 427 p. ;  |c 26 cm. 
490 1 |6 880-04  |a Keiken shiryō ;  |v no. 547 
500 |a Cover title. 
504 |a Includes bibliographical references. 
651 0 |a Japan  |x Commerce. 
651 0 |a Osaka (Japan)  |x Commerce. 
880 2 |6 110-01  |a 大阪府立商工経済研究所. 
880 1 0 |6 245-02  |a 西日本経済と大阪の役割(第2次報告). 
880 |6 260-03  |a [大阪] :  |b 大阪府立商工経済研究所,  |c 昭和47 [1972] 
880 1 |6 490-04  |a 経研資料 ;  |v no. 547 
830 0 |6 880-05  |a Keiken shiryō (Ōsaka Furitsu Shōkō Keizai Kenkyūjo) ;  |v no. 547. 
880 0 |6 830-05  |a 経研資料 (Ōsaka Furitsu Shōkō Keizai Kenkyūjo) ;  |v no. 547. 
988 |a 20021221 
906 |0 DLC